Indígenas y ladinos en torno al poder local: un estudio de conflicto político en la Municipalidad de La Esperanza, del Departamento de Quetzaltenango, Guatemala
Salvato in:
| Autore principale: | |
|---|---|
| Natura: | Libro |
| Lingua: | spagnolo |
| Pubblicazione: |
Madrid
Universidad Pontificia de Salamanca
2002
|
| Soggetti: | |
| Tags: |
Aggiungi Tag
Nessun Tag, puoi essere il primo ad aggiungerne!!
|
MARC
| LEADER | 00000nam a2200000 a 4500 | ||
|---|---|---|---|
| 001 | UCK1936 | ||
| 003 | CL-VaPUC | ||
| 008 | 041210e20020000SP |||||||||||||||||spa|d | ||
| 082 | 0 | 4 | |a 352.14 |b GON |2 21 |
| 100 | 0 | |a Gonón Ortiz, Fabián |e author |9 489795 | |
| 245 | 1 | 0 | |a Indígenas y ladinos en torno al poder local: un estudio de conflicto político en la Municipalidad de La Esperanza, del Departamento de Quetzaltenango, Guatemala |
| 300 | |a 77 p | ||
| 942 | |c BK | ||
| 945 | |d 20041210 00:00:00 |a cmena | ||
| 260 | |a Madrid |b Universidad Pontificia de Salamanca |c 2002 | ||
| 500 | |a Extracto de Tesis Doctoral presentada para la obtención del grado de Doctor en Ciencias Políticas | ||
| 650 | 7 | |a DERECHO MUNICIPAL |2 CL-VaPUC |9 257568 | |
| 650 | 0 | |a Conflictos sociales |9 372024 | |
| 650 | 0 | |a Poder político |9 255509 | |
| 651 | 0 | |a Guatemala |9 258335 | |
| 583 | |a last modification |c 20041210 00:00:00 |k Rodrigo Vera | ||
| 999 | |c 311678 |d 311676 | ||
| 952 | |0 0 |1 0 |4 0 |6 352_140000000000000_GON_2002 |7 0 |8 A |9 381224 |a BIBGIM |b BIBGIM |d 2019-11-21 |i 4084934 |o 352.14 GON 2002 |p 4084934 |r 2025-01-15 |w 2019-11-21 |y BK |k SSL | ||